International hotels (Record no. 79301)

MARC details
000 -LEADER
fixed length control field 01025cab a22001935a 4500
001 - CONTROL NUMBER
control field L140547
008 - FIXED-LENGTH DATA ELEMENTS--GENERAL INFORMATION
fixed length control field 070927s2007 xxkd f s 000 0 eng d
035 ## - SYSTEM CONTROL NUMBER
System control number (Sirsi) u140547
041 0# - LANGUAGE CODE
Language code of text/sound track or separate title eng
100 1# - MAIN ENTRY--PERSONAL NAME
Personal name Harvey, Brad
245 00 - TITLE STATEMENT
Title International hotels
260 ## - PUBLICATION, DISTRIBUTION, ETC.
Date of publication, distribution, etc. 2007
490 #0 - SERIES STATEMENT
Series statement Journal of Retail and Leisure Property
Volume/sequential designation 6(3) 188-193(5)
520 ## - SUMMARY, ETC.
Summary, etc. Discusses developments in the global hotel market in 2006. Reports that the world's emerging markets are generating increased travellers year on year. Finds that China, India and the Gulf States represent the largest growth opportunities for the industry. Suggests that future hotel innovation should meet the diverse needs of different age groups by branding and developing a more diverse workforce. Predicts that the need for many branded hotel rooms within the great emerging markets will grow.
590 ## - LOCAL NOTE (RLIN)
Local note ka
651 #4 - SUBJECT ADDED ENTRY--GEOGRAPHIC NAME
Geographic name International
690 ## - LOCAL SUBJECT ADDED ENTRY--TOPICAL TERM (OCLC, RLIN)
Topical term or geographic name as entry element PROPERTY-COMMERCIAL PROPERTY-LEISURE PROPERTY-HOLIDAY AND GUEST PROPERTY-HOTEL PROPERTY
942 ## - ADDED ENTRY ELEMENTS (KOHA)
Suppress in OPAC 0
Holdings
Withdrawn status Lost status Source of classification or shelving scheme Damaged status Not for loan Home library Current library Shelving location Date acquired Total Checkouts Full call number Barcode Date last seen Copy number Price effective from Koha item type
    Dewey Decimal Classification     London London Journals 27/09/2007   L140547 140547-1001 06/08/2019 1 06/08/2019 Journal article